000 00342nam a22001697a 4500
003 UA-OsUOA
001 1833
007 ta
008 20050721b un ||||| |||| 00| 0 ukr d
100 _aButler
700 _aDavid
942 _cBK
040 _aUA-OsUOA
_cUA-OsUOA
_dUA-OsUOA
245 _aLusitania
_bFiction
955 _a2
650 7 _2UDC
999 _c287995
_d287995